00419nam a2200169 a 4500001001300000003000900013005001700022008004100039020001000080082001600090245001800106260003000124500003500154505001900189650002300208710001800231nice12345678IN_TiNIC20260116011808.0050524s0000 egya grp 000 0 ara  ac10000a232.96bMIS aQissatul Amar aEgyptbMatba-E-Neelc0000 aincludes index and biblioraphy2 aReserve copies aJesus Christ-Death2 aMission Press